Recursos Administrativos e Judiciais Previdencir̀ios

Detalles Bibliográficos
Autor principal: Dalvi, Luciano
Formato: Libro
Lenguaje:portugués
Publicado: Brasil LTR Editora 2015
Materias:
Acceso en línea:Acceso restringido

MARC

LEADER 00000nam a22000007a 4500
005 20160111121414.0
007 cr|||| ||u|
008 160111s2015 bl ||||| |||| 00||0 por d
020 |a 978-85-361-8504-0 
035 |a 13009 
040 |a vLex 
090 |c 5780  |d 5780 
100 1 |a Dalvi, Luciano 
245 1 0 |a Recursos Administrativos e Judiciais Previdencir̀ios  |h [Recurso electrn̤ico] /  |c Luciano Dalvi 
256 |a Servicio en ln̕ea 
260 |a Brasil  |b LTR Editora  |c 2015 
300 |a 1 recurso electrn̤ico  
506 1 |a Contenido solo disponible en los productos indicados  |d vLex Global  |d vLex Global (Academic Edition, excluding Law Schools)  |d vLex Global (U.S. Academic Edition, Law Schools)  |d vLex Global (U.S. Academic Edition, excluding Law Schools)  |d vLex Global (Academic Edition, Law Schools) 
650 0 4 |a Procedimiento administrativo  |z Brasil 
740 0 |a vLex libros (servicio en ln̕ea) 
856 4 0 |u http://vlex.com/source/recursos-administrativos-judiciais-previdenciarios-13009  |z Acceso restringido  
942 |c BOOK 
999 0 |a Administrative procedure